| 000 | 00734nam a2200193 a 4500 | ||
|---|---|---|---|
| 001 | 000028876 | ||
| 005 | 20251120073733.0 | ||
| 008 | 110419s1992 dr 000 0 spa d | ||
| 040 |
_aDO-SdBNP _bspa _cBNPHU |
||
| 082 |
_axxxx _bC322a |
||
| 245 | 0 | 0 | _aCarta apostólica de su santidad Juan Pablo II a los religiosos y religiosas de América Latina con motivo del V Centenario de la evangelización del nuevo mundo. |
| 260 |
_aSanto Domingo : _bPUCMM, _c1992 _fEditora Taller |
||
| 300 |
_a34 p. ; _c22 cm. |
||
| 490 | 1 | _aDocumentos | |
| 504 | _aIncluye referencias bibliográficas y notas al pie de las páginas. | ||
| 710 | 2 |
_aPontificia Universidad Católica Madre y Maestra _9843 |
|
| 830 | 0 |
_aDocumentos _91047 |
|
| 049 | _aBNPD | ||
| 999 |
_c28368 _d28368 |
||